Países por una sola pista #14 - Estadísticas

Estadísticas generales
  • Esta prueba ha sido intentada 3.849 veces
  • La puntuación promedio es 8 de 20
Estadísticas de respuestas
Pista País % Correcto
Debe su nombre a una línea de latitud Ecuador
94%
Su nombre tiene cuatro letras, y dos de ellas son O Togo
72%
Se separó de la República Checa en 1992 Eslovaquia
62%
De todas las antiguas repúblicas yugoslavas, es la que tiene más costa Croacia
61%
Tiene la temperatura máxima más baja de todos los países, sólo 30,5 °C Islandia
54%
Tiene la mayor elevación media de todos los países del mundo Bután
48%
Su nombre tiene cinco vocales, además de una Z y una Q Mozambique
46%
Formado por 26 atolones, este país del océano Índico tiene la altitud media más baja del mundo. Maldivas
43%
Sus mitades norte y sur se unieron en 1975 Vietnam
42%
País donde se puede encontrar un orangután o un dragón de Komodo Indonesia
41%
El más meridional de los tres «Estados bálticos» Lituania
38%
Su vecino del sur tiene casi el mismo nombre, sólo hay que añadir «ia». Níger
38%
Este país oceánico indio fue el último del mundo en poblarse de forma permanente, en 1756 Seychelles
28%
Fue una colonia británica llamada Rodesia del Sur Zimbabue
24%
Es el segundo lugar de nacimiento más común de los jugadores de las Grandes Ligas de Béisbol República Dominicana
22%
Tombuctú está aquí Malí
20%
La segunda isla más grande del mundo es una "nueva" versión de este país africano Guinea
17%
Debe su nombre a uno de los mayores lagos del norte de África. Chad
14%
Este país recibió su nombre por la apariencia de una montaña Montenegro
13%
Llamado así por un producto cuya exportación es ilegal Costa de Marfil
7%
No se encontraron pruebas coincidentes
Distribución de puntuación
Porcentaje de gente con cada puntuación
Porcentaje por número respondido
Historial de tus puntuaciones
No has intentado esta prueba.